000 00650nam a2200241Ia 4500
003 OSt
005 20221007063141.0
006 a|||||r|||| 00| 0
007 ta
008 221006b |||||||| |||| 00| 0 eng d
024 _a7,408
037 _cTextual
040 _aFLL
_cFLL
_beng
041 _2eng
_aeng
082 _aZ2:5277, L0
100 _aMehta M.K. Au.
_9683845
245 0 _aIdentification of handwriting & cross examination of experts
250 _a4th
260 _aBombay
_bN.M.Tripathi India
_c1970
300 _a399p
_ccm.
942 _hZ2:5277, L0
_cTEXL
_2CC
999 _c1130517
_d1130517